000 00589nam a2200181 i 4500
001 100243
003 ES-MaACL
005 20230906182633.0
007 t|
008 050923s1973 sp ||||1| spa d
100 1 _aMartzloff, Charles.
_978570
245 1 4 _aLos ordenadores
_b: el análisis y la organización /
_cCharles Martzloff; traducción del francés por Alberto Pérez Moreno.
250 _a[1ª ed.].
260 _aMadrid :
_bAguilar,
_c1973.
300 _a238 p., 30 h. pleg. ;
_c24 cm.
700 1 _aPérez Moreno, Alberto.
_991043
852 _aES-MaACL
_jC-54823
_bR.87714
999 _c100243
_d100243